00660nam a22001937a 450000500170000001000150001702000270003203500140005903700090007308200140008210000240009624501360012025000060025626000410026227000750030330000270037870000300040570000310043520251030160613.0 aENG-147045 c1050.00a9789364444460 aEN-130577 bDBAD a658.8124 aKrishna K. Havaldar00aSales And Distribution Management:bLeveraging Emerging Technologies/cKrishna K. Havaldar: Vasant M. Cavale [and] Subrata K. Nandi a4 aChennaibMcGraw Hill Educationc2025 aAnjana Complex No. 5/90 A, Butt Road, St Thomas MountbChennaie600016 axxix, 801p. c24cm(pb) aCavale Vasant M. eAuthor aNandi, Subrata K. eAuthor